Kvalita života seniorov vo vybranom domove dôchodcov diplomová práca

Salvato in:
Dettagli Bibliografici
Autore principale: Teplicová, Lucia
Ente Autore: Národohospodárska fakulta EU. Katedra sociálneho rozvoja a práce
Altri autori: Antalová, Mária, 1952-
Natura: Libro
Lingua:slovacco
Pubblicazione: Bratislava 2011
Tags: Aggiungi Tag
Nessun Tag, puoi essere il primo ad aggiungerne!!

MARC

LEADER 00000nbm a2200000 4500
001 0130631
005 20161109101557.6
041 0 |a slo 
044 |a SK 
245 1 0 |a Kvalita života seniorov vo vybranom domove dôchodcov  |b diplomová práca  |c Lucia Teplicová ; školiteľ: Mária Antalová 
264 1 |a Bratislava  |c 2011 
300 |a 72 s. 
100 1 |a Teplicová, Lucia 
700 1 |a Antalová, Mária, 1952- 
710 2 |a Národohospodárska fakulta EU. Katedra sociálneho rozvoja a práce